Normal view
MARC view
- Vida intelectual
Entry Materia
001 - NÚMERO DE CONTROL DEL REGISTRO
- campo de control: 2690
003 - IDENTIFICADOR DE NUMERO DE CONTROL
- campo de control: MX-MxUPN
005 - FECHA Y HORA DE LA ÚLTIMA TRANSACCIÓN
- campo de control: 20250318112433.0
008 - DATOS DE LONGITUD FIJA
- campo de control de longitud fija: 250318n| acnnnbabn | ana |d
035 ## - NÚMERO DE CONTROL DEL SISTEMA
- Número de control del sistema: UPN10000002690
040 ## - FUENTE DE LA CATALOGACIÓN
- Centro catalogador de origen: MX-MxUPN
- Lengua de catalogación: spa
- Agencia de transcripción: MX-MxUPN
150 ## - ENCABEZAMIENTO - TEMÁTICO
- Término de materia o nombre geográfico como elemento inicial: Vida intelectual
360 ## - REFERENCIA COMPLEJA DE VÉASE ADEMÁS - MATERIA
- Texto explicativo: Subdivisión
- Encabezamiento al que se remite: VIDA INTELECTUAL
- Texto explicativo: bajo nombres de países, ciudades, etc. Ej.:
- Encabezamiento al que se remite: FRANCIA - VIDA INTELECTUAL
670 ## - FUENTE EN LA QUE SE LOCALIZARON DATOS
- Cita de la fuente: E
902 ## - CATALOGADOR
- Catalogador: BEC/300796
